Clubes da Série b do Campeonato Brasileiro da era dos pontos corridos - Statistics

General Stats
  • This quiz has been taken 56 times
  • The average score is 56 of 76
Answer Stats
Hint Answer % Correct
RS Grêmio
100%
RS Internacional
96%
PR Coritiba
94%
MG Cruzeiro
92%
SP Palmeiras
92%
SP Corinthians
90%
RS Juventude
90%
PR Athletico
88%
SC Avai
88%
SC Chapecoense
88%
GO Goiás
88%
SP Santos
88%
PE Sport
88%
MG América MG
85%
RS Brasil
85%
CE Ceará
85%
SC Criciúma
85%
CE Fortaleza
85%
RJ Vasco da Gama
85%
BA Bahia
83%
AL CRB
83%
AL CSA
83%
SC Joinville
83%
PA Remo
83%
BA Vitória
83%
RJ Volta Redonda
83%
GO Atlético GO
81%
SC Brusque
81%
MT Cuiabá
81%
PR Londrina
81%
PR Paraná
81%
SP Ponte Preta
81%
GO Vila Nova
81%
MG Atlético MG
79%
SP Botafogo SP
79%
SC Figueirense
79%
PR Operário
79%
PE Santa Cruz
79%
RN ABC
77%
SP Guarani
77%
SP Mirassol
77%
PE Náutico
77%
PA Paysandu
77%
MA Sampaio Corrêa
77%
AM Amazonas
75%
SP Bragantino
75%
DF Brasiliense
75%
SP Ituano
75%
RJ Duque de Caxias
73%
SP Novorizontino
73%
SP Portuguesa
71%
RN América RN
69%
SE Confiança
69%
DF Gama
69%
MG Tombense
69%
RJ Botafogo RJ
67%
SP Santo André
67%
AL ASA
65%
PB Campinense
65%
SP São Caetano
65%
SP Ferroviária
63%
MT Luverdense
63%
SP Oeste
63%
MG Boa
58%
CE Icasa
58%
SP Paulista
56%
MG Ipatinga
54%
SP São Bento
52%
SP Grêmio Barueri
48%
SP Mogi Mirim
48%
RJ Macaé
46%
MG Tupi
46%
SP Guaratinguetá
44%
SP Marília
44%
PE Salgueiro
44%
AM São Raimundo
44%
No matching quizzes found
Score Distribution
Percent of People with Each Score
Percentile by Number Answered
Your Score History
You have not taken this quiz